000 00666nam a2200241 i 4500
001 C2-0286051
003 PPAK
005 20180728015605.0
008 080116s2006 nyu |||| ||||| | eng d
020 _a023113116X
040 _aPPAK
_beng
_cPPAK
_erda
082 0 4 _a306.7
_223
090 0 0 _a306.7
_bSEX
_dRLCK
245 0 0 _aSex, marriage, and family in world religions
264 1 _aNew York :
_bColumbia University Press ,
_c2006
300 _aix, 461 pages ;
_c24 cm
336 _2rdacontent
_atext
337 _2rdamedia
_aunmediated
338 _2rdacarrier
_avolume
650 1 0 _aSex in marriage
700 1 _aBrowning, Don S,
_eeditor
942 _ddc
_cB
999 _c91853
_d91853